00391pab a2200121 454500008004000000100002600040245011500066260000900181300001400190362001200204650002500216773002800241180718b2008 xxu||||| |||| 00| 0 eng d aNarayanswamy, Ramnath aWhy is spirituality integral to management education? My experience of integrating management and spirituality c2008 ap.115-28. aJul-Dec aManagement education aJournal of Human Values